| 000 | 00500nam a2200169Ia 4500 | ||
|---|---|---|---|
| 999 |
_c20779 _d20779 |
||
| 003 | OSt | ||
| 005 | 20200630110613.0 | ||
| 008 | 190216s9999||||xx |||||||||||||| ||und|| | ||
| 020 | _a9780415127745 | ||
| 040 | _coclc | ||
| 082 |
_a930 _bBLO/I |
||
| 100 |
_aBlois, L De _93343 |
||
| 245 | 0 |
_aAn Intorduction To The Ancient World / _cL De Blois ; Van Der Spek R J |
|
| 260 |
_bRoutledge, _c1997 _aLondon & New York: |
||
| 300 | _a321p | ||
| 942 |
_cBK _2ddc _h930 _iBLO/I _k930 _mBLO/I |
||